Normal view MARC view
  • Europa

Entry Nombre Geográfico

Number of records used in: 1

001 - NÚMERO DE CONTROL

  • campo de control: 47550

003 - IDENTIFICADOR DE NUMERO DE CONTROL

  • campo de control: MX-MxUPN

005 - FECHA Y HORA DE LA ÜLTIMA TRANSACCIÓN

  • campo de control: 20221202130323.0

008 - DATOS DE LONGITUD FIJA

  • campo de control de longitud fija: 221202|| acn||aabn | a|a d

040 ## - FUENTE DE CATALOGACIÓN

  • Agencia de catalogación original: MX-MxUPN
  • Lenguaje de catalogación: spa
  • Agencia de transcripción: MX-MxUPN

151 ## - ENCABEZAMIENTO - NOMBRE GEOGRÁFICO

  • Nombre geográfico: Europa
  • Subdivisión general : Emigración e inmigración
  • Subdivisión general : Política gubernamental

670 ## - FUENTE EN LA QUE SE LOCALIZARON DATOS

  • Cita de la fuente: Biblioteca del Congreso (Estados Unidos), 2 diciembre 2022:
  • Información localizada: (Europe--Emigration and immigration--Government policy)

902 ## - CATALOGADOR

  • Catalogador: Víctor Ruiz/021222